00566nam a2200193 a 4500001001300000003000900013005001700022008004100039020001000080082001500090100002200105245007900127260003900206300000900245500003500254505004100289650002000330700002200350nice12345678IN_TiNIC20260116015215.0050524s1994 luna grp 000 0 eng  ac10000a297.8bROA aRoald, Anne Sofie aTarbiyab Education and Politics in Islamic Movements in Jordan & Malaysia aLundbLund University Swedenc1994 a377p aincludes index and biblioraphy2 aTerms, Appendix, Bibliography, Vol.3 aIslam-Movements1 aRoald, Anne Sofie